MARC-Details
| 000 -Satzkennung |
| Kontrollfeld mit fester Länge |
01641nam a2200373 i 4500 |
| 001 - Kontrollnummer |
| Kontrollfeld |
EBC6476874 |
| 003 - Kontrollnummer Identifier |
| Kontrollfeld |
MiAaPQ |
| 005 - Datum und Zeit der letzten Transaktion |
| Kontrollfeld |
20211013124726.0 |
| 007 - Feld mit fester Länge zur physischen Beschreibung - Allgemeine Information |
| Kontrollfeld mit fester Länge |
cr cnu|||||||| |
| 008 - Feld mit fester Länge zur physischen Beschreibung - Allgemeine Angaben |
| Kontrollfeld mit fester Länge |
210330s2021 ne o 000 0 ger d |
| 020 ## - Internationale Standardbuchnummer |
| Gelöschte/ungültige ISBN |
9789004445437 |
| 020 ## - Internationale Standardbuchnummer |
| Internationale Standardbuchnummer |
9789004445444 (e-book) |
| 040 ## - Katalogisierungsquelle |
| Original-Katalogisierungsstelle |
MiAaPQ |
| Katalogisierungssprache |
eng |
| Übertragungsstelle |
MiAaPQ |
| 041 ## - Sprachcode |
| Sprachcode des Textes/der Tonspur oder des separaten Titels |
ger |
| 100 1# - Haupteintragung - Personenname |
| Personenname |
Pabst, Stefan, |
| Funktionsbezeichnung |
author. |
| 245 14 - Titel |
| Titel |
Das theologische Profil des Julian von Toledo : |
| Zusatz zum Titel |
das Leben und Wirken eines westgotischen Bischofs des siebten Jahrhunderts / |
| Verfasserangabe etc. |
von Stefan Pabst. |
| 264 #1 - Produktion, Veröffentlichung, Distribution, Herstellung und Urheberrechtsvermerk |
| Herstellungs-, Veröffentlichungs- Vertriebs-, Erzeugungsort |
Leiden ; Boston : |
| Produzent, Herausgeber, Distributor, Hersteller |
Brill |
| Datum der Herstellung, der Veröffentlichung, des Vertriebs oder des Urheberschutzvermerks |
2021 |
| 300 ## - Physische Beschreibung |
| Umfang |
1 online resource (530 pages). |
| 336 ## - Inhaltstyp |
| Quelle |
rdacontent |
| Inhaltstypterm |
Text |
| Inhaltstypcode |
txt |
| 337 ## - Medientyp |
| Quelle |
rdamedia |
| Bezeichnung des Medientyps |
Computermedien |
| Medientypcode |
bc |
| 338 ## - Datenträgertyp |
| Quelle |
rdacarrier |
| Datenträgertypbezeichnung |
Online Ressource |
| Datenträgertypcode |
cr |
| 490 1# - Gesamttitelangabe |
| Gesamttitelangabe |
Supplements to Vigiliae Christianae ; |
| Bandnummer/Folgebezeichnung |
165 |
| 500 ## - Allgemeine Fußnote |
| Allgemeine Fußnote |
E-Book-ProQuest / Fernzugriff nach Registrierung möglich |
| 588 ## - Anmerkung zur Ausgabe, zum Teil oder zur Iteration, die/der als Grunlage für die Identifizierung der Ressource verwendet wird |
| Anmerkung zur Ausgabe, zum Teil oder zur Iteration, die/der als Grunlage für die Identifizierung der Ressource verwendet wird |
Description based on print version record. |
| 600 00 - Nebeneintragung unter einem Schlagwort - Personenname |
| Personenname |
Julianus, |
| Titel und andere Wörter in Verbindung mit einem Namen |
Saint, Bishop of Toledo, |
| Datumsangaben in Verbindung mit einem Namen |
-690. |
| 655 #4 - Indexierungsterm - Genre/Form |
| Genre/Form oder fokussierter Term |
|
| 655 ## - Indexierungsterm - Genre/Form |
| Genre/Form oder fokussierter Term |
Fernzugriff |
| 776 08 - Andere physische Form |
| Verweisungsphrase |
Print version: |
| Haupteintragung |
Pabst, Stefan. |
| Titel |
Theologische Profil des Julian von Toledo : das Leben und Wirken eines westgotischen Bischofs des siebten Jahrhunderts. |
| Ort, Verlag und Erscheinungsjahr |
Leiden, The Netherlands ; Boston : Brill, c2021 |
| Physische Beschreibung |
530 pages |
| Gesamttitelangabe des verknüpften Exemplars |
Supplements to Vigiliae Christianae ; 165. |
| Internationale Standardbuchnummer |
9789004445437 |
| 830 #0 - Nebeneintragung unter dem Gesamttitel - Einheitstitel |
| Einheitstitel |
Supplements to Vigiliae Christianae ; |
| Bandnummer/Folgebezeichnung |
165. |
| 856 40 - Elektronische Adresse und Zugriff |
| URL |
<a href="https://ebookcentral.proquest.com/lib/maxweberstiftung-ebooks/detail.action?docID=6476874">https://ebookcentral.proquest.com/lib/maxweberstiftung-ebooks/detail.action?docID=6476874</a> |
| OPAC-Notiz |
Volltext |
| 942 ## - Zusätzliche Felder (Koha) |
| Koha-Medientyp |
E-Books |
| Klassifikation oder Aufstellungssystematik |
Andere/Generische Klassifikation |